01658nam a22002414c 4500003000900000008004100009020001800050040003100068041001900099080001100118100001300129245002200142250002200164264003600186300004200222336002700264337003100291338002800322520099300350521002501343650002401368650002401392AR-BaSMT260430b2026 aga|||br|||| 000 1bspa d a9789877365818 aBSGBbespañolcBSGBerda0 aspahespañol a82-31 1 aRoxicake10aEscapa del Tocino aPrimera edición aBuenos aires : bAltea , c2026 a112 páginas ; bilustraciones color 2rdacontentatextobtxt 2rdamediaasin mediacionbn 2rdacarrieravolumenbnc1 aCucarachoxi y Tocino son dos habitantes de ciudad Oxi, una ciudad que abraza a los marginales y en la que todos conviven en paz y armonía. Aunque son muy distintos, son mejores amigos. Un día, Cucarachoxi ve a su amigo caminando por la vereda, pero actúa muy raro, tiene un reloj retrofuturista y ¡oh! Acaba de disparar un rayo verde que hace desaparecer uno a uno a los habitantes de Ciudad Oxi. Cucarachoxi intenta hablarle pero ¡ZAP! También ella es teletransportada. Cuando despierta, está en una fábrica de juguetes abandonada. Con la intención de escapar, logra acceder a los conductos de ventilación y en su camino se da cuenta de que no hay un solo Tocino, sino 2, 3, ¡infinitos Tocinos! ¿qué está pasando? En este libro de escape, Cucarachoxi se irá encontrando con distintos personajes muy conocidos por todos los fanáticos de RoxiCake Gamer: Arañoxi, Cajoxi, Bananoxi, Roxisaurio. Y juntos deberán escapar y reestablecer el orden en Ciudad Oxi. aA partir de 7 años 7aLITERATURA INFANTIL 7aNOVELA DE AVENTURAS